书目信息 |
| 题名: |
毛泽东与斯大林、蒋介石
|
|
| 作者: | 袁南生 著 | |
| 分册: | 下 | |
| 出版信息: | 长沙 湖南人民出版社 2003 |
|
| 页数: | 429~896页 | |
| 开本: | 21cm | |
| 丛书名: | ||
| 单 册: | ||
| 中图分类: | A751 | |
| 科图分类: | ||
| 主题词: | 政治人物--生平事迹--苏联--现代 , 政治人物--生平事迹--中国--现代 | |
| 电子资源: | ||
| ISBN: | 7-5438-2143-5 | |
| 000 | 01069nam0 2200289 450 | |
| 001 | 0900000006394 | |
| 005 | 20050919083208.34 | |
| 010 | @a7-5438-2143-5@dCNY46.50(全2册) | |
| 100 | @a20040625d2003 ekmy0chiy0120 ea | |
| 101 | 0 | @achi |
| 102 | @aCN@b430000 | |
| 105 | @ay az 000yc | |
| 200 | 1 | @a毛泽东与斯大林、蒋介石@9mao ze dong yu si da lin、 jiang jie shi@h下@f袁南生著@Fyuan nan sheng zhu |
| 205 | @a2版@b修订本 | |
| 210 | @a长沙@c湖南人民出版社@d2003 | |
| 215 | @a429~896页@d21cm | |
| 320 | @a有书目 | |
| 330 | @a本书共分上、下两册,主要包括:莫斯科为毛泽东忍气吞声讣告、斯大林在苏联和共产国际的崛起、蒋介石对苏俄的秘密访问、联合吴佩孚还是联合孙中山等二十一章内容。 | |
| 600 | 0 | @a蒋介石@f1887~1975@x生平事迹 |
| 600 | 1 | @a斯大林@f1879~1953@gStalin, Joseph Vissarionovich@x生平事迹 |
| 600 | 0 | @a毛泽东@f1893~1976@x生平事迹 |
| 606 | 0 | @a政治人物@x生平事迹@y苏联@z现代 |
| 606 | 0 | @a政治人物@x生平事迹@y中国@z现代 |
| 690 | @aA751@v4 | |
| 701 | 0 | @a袁南生@Ayuan nan sheng@4著 |
| 801 | 0 | @aCN@bTSSF@c20050919 |
| 905 | @a10447@dA751@e117:2=2 | |
| 毛泽东与斯大林、蒋介石.下/袁南生著.-2版,修订本.-长沙:湖南人民出版社,2003 |
| 429~896页;21cm |
| ISBN 7-5438-2143-5:CNY46.50(全2册) |
| 本书共分上、下两册,主要包括:莫斯科为毛泽东忍气吞声讣告、斯大林在苏联和共产国际的崛起、蒋介石对苏俄的秘密访问、联合吴佩孚还是联合孙中山等二十一章内容。 |
| ● |
| 相关链接 |
|
|
|
|
正题名:毛泽东与斯大林、蒋介石
索取号:A751/117:2=2
 
预约/预借
| 序号 | 登录号 | 条形码 | 馆藏地/架位号 | 状态 | 备注 |
| 1 | 0361445 | 3614459 | 第一样本阅览室/ [索取号:A751/117:2=2] | 在馆 | |
| 2 | 0361446 | 3614468 | 第一借阅区/ [索取号:A751/117:2=2] | 在馆 | |
| 3 | 0361447 | 3614477 | 第一借阅区/ [索取号:A751/117:2=2] | 在馆 | |
| 4 | 0361448 | 3614486 | 第一借阅区/ [索取号:A751/117:2=2] | 在馆 | |
| 5 | 0361449 | 3614495 | 第一借阅区/ [索取号:A751/117:2=2] | 在馆 |